000 02065aam a2200325 i 4500
001 768714001
003 CO-MdFUSB
005 20240111115009.0
007 ta
008 231003t19652001ck ||||g |||| 00| 0 spa d
020 _a091336746X
040 _aCO-MdFUSB
_bspa
_cCO-MdFUSB
_dCO-MdFUSBC
_erda
041 _aspa
082 _223
_a251.02
_bC192
100 _aCampderrós, Daniel,
_eautor
245 1 _aBosquejos bíblicos
_b : Antiguo Testamento y Nuevo Testamento
_c/ Daniel Campderrós
264 1 _aColombia :
_bCasa Bautista Publicaciones,
_c[1965]
300 _a92 páginas
_c; 21 cm
336 _2rdacontent
_atexto
_btxt
337 _2rdamedia
_asin mediación
_bn
338 _2rdacarrier
_avolumen
_bnc
504 _aIncluye índice
505 _aAntiguo Testamento: 1. La Creación -- 2. El dia de reposo -- 3. La vida de Noe -- 4. La vida victoriosa de José -- 5. Las serpientes del Desierto -- 6. El peligro de la victoria -- 7. Una mujer Heroica -- 8. La triste historia de Saul -- 9. Elías debajo de un Enebro -- 10. La oración de Jabes -- 11. El secreto de la victoria -- 12. El rostro de Dios -- La balanza de Dios -- 13. El sol de justicia -- Nuevo Testamento: 1. La visita de los Magos -- 2. La Parábola del Sembrador -- 3. La venida del Hijo del Hombre -- 4. La transfiguración -- 5. El Hijo perdido -- 6. Jesús y Zaqueo -- 7. La curación de un Cojo -- 8. Los Cielos abiertos -- 9. La paz de Dios -- 10. El Rey y Señor.
520 _aAcerca de la obra. Estos bosquejos bíblicos están escritos en lenguaje sencillo y en forma abreviada. El autor logra descubrir verdades preciosas y enseñanzas muy útiles. Incluye, por lo menos, un bosquejo sobre una porción de cada libro del Antiguo Testamento y del Nuevo Testamento. Para la persona que de un estudio bíblico semanalmente se ofrece material homilético para tres años, repasando todo el Antiguo y el Nuevo testamento.
563 _aRústico
650 7 _2embne
_97333
_aHermenéutica bíblica
650 0 _aEstudios bíblicos
_91781
942 _cBK
945 _asor1564
999 _c69096
_d69096